000
00307 a2200157 4500
001
161671
020
_a
040
_c
Magnum
100
_a
Betto, Frei
240
1
0
_a
Menina e o elefante
_l
por
245
1
0
_a
Menina e o elefante
362
0
_a
1899
440
1
_a
FTD
697
_a
IJ/GERAL
942
_c
BK
999
_c
161671
_d
161671